| 000 | 01041nam a22003017a 4500 | ||
|---|---|---|---|
| 003 | CHAP | ||
| 005 | 20220329143034.0 | ||
| 008 | 051005d2005 it rn 00110 eng d | ||
| 010 | _a91048 | ||
| 011 | _a92020 | ||
| 020 | _a9250052700 | ||
| 035 | _a102583 | ||
| 040 | _cCHAP | ||
| 082 | 0 | 4 |
_a639.2 _bF46 v.770 |
| 110 | 0 |
_aFAO. Comisión General de Pesca para el Mediterráneo _939486 |
|
| 245 | 1 | 0 |
_aReport of the AD HOC meeting of experts on the external evaluation of the Committee on Acuaculture and its networks _c/by FAO. Comisión General de Pesca para el Mediterráneo |
| 260 |
_aRome : _bFAO, _c2005. |
||
| 300 | _a77 p. | ||
| 490 | 0 |
_aFAO. Informe de pesca _v; 770 |
|
| 590 |
_aBATCH-UPD _b10 _c20130110 _lUCH01 _h1045 |
||
| 590 |
_aCONVERSION _b10 _c20130109 _lUCH01 _h1350 |
||
| 650 | 1 | 4 |
_aAcuicultura. _9758 |
| 830 | 0 |
_aFAO. Informe de pesca _v; 770 _939587 |
|
| 901 | _aBK | ||
| 905 | _aAlejandra Carrasco M. | ||
| 942 | _cLIBRO | ||
| 949 |
_a639.2 F46 v.770 _bBC _cFAO _d33724000971040 _eFAO1 _gI. DonaciØn _h107041 _i102583 _sb |
||
| 999 |
_c91048 _d91048 |
||